[Event "Fermo Province-ch"]
[Site "Fermo"]
[Date "2013.02.03"]
[Round "5"]
[White "Miandro, Roberto"]
[Black "Gasparroni, Riccardo"]
[Result "0-1"]
[WhiteElo "2076"]
[BlackElo "1747"]
[PlyCount "50"]
[EventDate "2013.01.19"]
[EventType "swiss"]
[EventRounds "6"]
[EventCountry "ITA"]
[SourceTitle "EXT 2014"]
[Source "ChessBase"]
[SourceDate "2013.11.20"]
[SourceVersion "1"]
[SourceVersionDate "2013.11.20"]
[SourceQuality "1"]

1. c4 f5 2. Nc3 Nf6 3. d3 g6 4. b4 Bg7 5. Bb2 e5 6. Qb3 Nc6 7. e3 d6 8. g3 Be6 9. Bg2 0-0 10. Nge2 Qd7 11. 0-0 Rad8 12. Nd5 Ne7 13. Nxf6+ Bxf6 14. Qc2 d5 15. c5 c6 16. d4 e4 17. a4 g5 18. f3 Ng6 19. fxe4 fxe4 20. Nc3 h5 21. Bc1 h4 22. Bd2 Bh3 23. Bxh3 Qxh3 24. Ne2 Rf7 25. g4 Qxg4+ 0-1

[Event "ITA-ch B"]
[Site "Civitanova Marche"]
[Date "2012.07.21"]
[Round "7"]
[White "Miandro, Roberto"]
[Black "Santeramo, Domenico"]
[Result "0-1"]
[WhiteElo "2093"]
[BlackElo "2042"]
[PlyCount "112"]
[EventDate "2012.07.15"]
[EventType "swiss"]
[EventRounds "8"]
[EventCountry "ITA"]
[SourceTitle "EXT 2023"]
[Source "ChessBase"]
[SourceDate "2022.10.05"]
[SourceVersion "1"]
[SourceVersionDate "2022.10.05"]
[SourceQuality "1"]

1. c4 e5 2. Nc3 Nc6 3. g3 f5 4. Bg2 Nf6 5. e3 Be7 6. Nge2 0-0 7. 0-0 Nb4 8. d3 c6 9. a3 Na6 10. b4 Nc7 11. Qb3 d5 12. cxd5 cxd5 13. Bb2 Be6 14. Qd1 b5 15. Nb1 Bd6 16. Nd2 a5 17. Nb3 axb4 18. axb4 Nd7 19. Nc5 Qe7 20. Nxe6 Qxe6 21. Qb3 Nb6 22. Ra5 Na4 23. Rxa8 Rxa8 24. Ba1 Kf8 25. Rc1 Ra7 26. Rc6 Ke7 27. Rc1 g6 28. h3 Kd7 29. Bc3 d4 30. Qxe6+ Nxe6 31. exd4 Nxc3 32. Rxc3 Nxd4 33. Nxd4 exd4 34. Rc2 Rc7 35. Rb2 Rc3 36. Bf1 Ra3 37. Be2 Ra4 38. Kg2 Rxb4 39. Rd2 Rb3 40. g4 Rc3 41. Ra2 Bc5 42. gxf5 gxf5 43. Kf3 b4 44. Rb2 Bd6 45. h4 Ke6 46. Bf1 b3 47. Bh3 Ba3 48. Rb1 Rxd3+ 49. Kg2 Rxh3 50. Kxh3 b2 51. Kg3 Kd5 52. Kf4 Kc4 53. Kxf5 Kc3 54. Ke4 Kc2 55. Rf1 d3 56. Ke3 Bc5+ 0-1

[Event "ITA-ch B"]
[Site "Civitanova Marche"]
[Date "2012.07.16"]
[Round "2"]
[White "Coronel, Joshua"]
[Black "Miandro, Roberto"]
[Result "1/2-1/2"]
[WhiteElo "1799"]
[BlackElo "2093"]
[PlyCount "79"]
[EventDate "2012.07.15"]
[EventType "swiss"]
[EventRounds "8"]
[EventCountry "ITA"]
[SourceTitle "EXT 2023"]
[Source "ChessBase"]
[SourceDate "2022.10.05"]
[SourceVersion "1"]
[SourceVersionDate "2022.10.05"]
[SourceQuality "1"]

1. e4 c5 2. Nf3 d6 3. d4 cxd4 4. Nxd4 Nf6 5. Nc3 a6 6. f3 g6 7. Be3 Bg7 8. Qd2 Nc6 9. Bc4 Qc7 10. 0-0-0 Ne5 11. Bb3 Bd7 12. h4 Nc4 13. Bxc4 Qxc4 14. g4 Be6 15. Nxe6 Qxe6 16. g5 Nh5 17. Nd5 0-0 18. Bd4 Rac8 19. Bxg7 Kxg7 20. Kb1 Rc5 21. Qd4+ Kg8 22. e5 Re8 23. Rhe1 Qf5 24. Rd3 Rxd5 25. Qxd5 Nf4 26. Qe4 Qxe4 27. Rxe4 Nxd3 28. cxd3 dxe5 29. Rxe5 e6 30. Rc5 Re7 31. Kc2 Rd7 32. Kc3 Kg7 33. d4 h6 34. a4 hxg5 35. hxg5 Kf8 36. Kc4 Ke7 37. d5 e5 38. d6+ Ke6 39. Rc7 Rxd6 40. Rxb7 1/2-1/2

[Event "Civitanova Marche Region-ch"]
[Site "Civitanova Marche"]
[Date "2011.05.15"]
[Round "5"]
[White "Sagripanti, Michele"]
[Black "Miandro, Roberto"]
[Result "1/2-1/2"]
[WhiteElo "1947"]
[BlackElo "2091"]
[PlyCount "94"]
[EventDate "2011.05.13"]
[EventType "swiss"]
[EventRounds "5"]
[EventCountry "ITA"]
[SourceTitle "EXT 2024"]
[Source "ChessBase"]
[SourceDate "2023.10.10"]
[SourceVersion "1"]
[SourceVersionDate "2023.10.10"]
[SourceQuality "1"]

1. e4 c5 2. Nf3 d6 3. c3 Nc6 4. Be2 g6 5. 0-0 Bg7 6. d3 Nf6 7. h3 0-0 8. Be3 b6 9. Nbd2 Bb7 10. Qc2 Rc8 11. a4 d5 12. Rfe1 h6 13. Bf4 e6 14. Nf1 Re8 15. Rad1 d4 16. Qc1 Kh7 17. Bh2 e5 18. N3d2 Ba6 19. f4 Qe7 20. c4 Rcd8 21. Nf3 Nd7 22. g4 exf4 23. Bxf4 Nde5 24. N1h2 Rf8 25. Bf1 Bc8 26. Bg2 Be6 27. Nxe5 Nxe5 28. Nf3 f6 29. Nxe5 fxe5 30. Bg3 Bd7 31. b3 Rf7 32. Rf1 Rdf8 33. Rxf7 Rxf7 34. Rf1 Qf8 35. Rxf7 Qxf7 36. Qf1 Kg8 37. Qxf7+ Kxf7 38. Kf2 Ke6 39. Ke2 Bf6 40. Be1 Bg5 41. h4 Bf4 42. Bh3 Ke7 43. Kf3 g5 44. h5 Kd6 45. Ke2 Kc7 46. Kd1 Kb7 47. Kc2 a5 1/2-1/2

[Event "Civitanova Marche Region-ch"]
[Site "Civitanova Marche"]
[Date "2011.05.15"]
[Round "4"]
[White "Santinelli, Michele"]
[Black "Miandro, Roberto"]
[Result "0-1"]
[WhiteElo "1780"]
[BlackElo "2091"]
[PlyCount "72"]
[EventDate "2011.05.13"]
[EventType "swiss"]
[EventRounds "5"]
[EventCountry "ITA"]
[SourceTitle "EXT 2024"]
[Source "ChessBase"]
[SourceDate "2023.10.10"]
[SourceVersion "1"]
[SourceVersionDate "2023.10.10"]
[SourceQuality "1"]

1. d4 d5 2. Nf3 e6 3. Bf4 Bd6 4. Bxd6 Qxd6 5. c3 c5 6. e3 a6 7. Nbd2 Nf6 8. Bd3 0-0 9. 0-0 Nc6 10. dxc5 Qxc5 11. e4 dxe4 12. Nxe4 Nxe4 13. Bxe4 Rb8 14. Qc2 g6 15. Rad1 b5 16. b4 Qb6 17. Rd6 Bb7 18. Rfd1 Rbd8 19. Ne5 Rxd6 20. Rxd6 Qc7 21. Rd7 Qxe5 22. Rxb7 Rd8 23. g3 Nb8 24. c4 bxc4 25. Qxc4 Kg7 26. Bf3 Qe1+ 27. Kg2 Rd2 28. Qc5 Nd7 29. Qa7 Ne5 30. a4 Ra2 31. a5 Ra1 32. Kh3 g5 33. Bg2 Qe2 34. Bc6 g4+ 35. Kh4 Ng6+ 36. Kg5 Qe5+ 0-1

[Event "Fermo Provinciale-ch FM"]
[Site "Porto San Giorgio"]
[Date "2010.01.31"]
[Round "6"]
[White "Foglia, Maurizio"]
[Black "Miandro, Roberto"]
[Result "1/2-1/2"]
[WhiteElo "2168"]
[BlackElo "2098"]
[PlyCount "111"]
[EventDate "2010.01.23"]
[EventType "swiss"]
[EventRounds "6"]
[EventCountry "ITA"]
[SourceTitle "EXT 2024"]
[Source "ChessBase"]
[SourceDate "2023.10.10"]
[SourceVersion "1"]
[SourceVersionDate "2023.10.10"]
[SourceQuality "1"]

1. d4 d5 2. Nf3 c5 3. e3 e6 4. b3 Nd7 5. Bd3 g6 6. Bb2 Bg7 7. Nbd2 Ngf6 8. 0-0 0-0 9. c4 b6 10. Rc1 Bb7 11. Qc2 Rc8 12. Qb1 Re8 13. Rfe1 cxd4 14. exd4 Bh6 15. cxd5 Bxd5 16. Rxc8 Qxc8 17. Ne5 Qb7 18. f3 Rc8 19. Ndc4 Qb8 20. Bc1 Bxc1 21. Rxc1 Bxc4 22. Nxd7 Nxd7 23. Rxc4 Rxc4 24. Bxc4 Qf4 25. Qd3 Nf6 26. a4 Kg7 27. g3 Qd6 28. Qe3 Kf8 29. Qe5 Qxe5 30. dxe5 Nd7 31. f4 Ke7 32. Kf2 f6 33. exf6+ Nxf6 34. Kf3 Kd6 35. g4 Nd7 36. Ke4 Nf6+ 37. Kf3 Nd7 38. g5 a5 39. Ke4 Nc5+ 40. Kd4 Nd7 41. h4 Nc5 42. Kc3 Ne4+ 43. Kd3 Ng3 44. Kc3 Nf5 45. Kd3 Nxh4 46. Kd4 Nf5+ 47. Ke4 Ng3+ 48. Kd4 Nh5 49. Ke4 Ng7 50. Kd4 Ne8 51. Ke4 Nc7 52. Kd4 Nd5 53. Ke4 Ne7 54. Kd4 Nf5+ 55. Ke4 Ng3+ 56. Kd4 1/2-1/2

[Event "Fermo Provinciale-ch FM"]
[Site "Porto San Giorgio"]
[Date "2010.01.31"]
[Round "5"]
[White "Miandro, Roberto"]
[Black "Perogio, Lorenzo"]
[Result "0-1"]
[WhiteElo "2098"]
[BlackElo "1871"]
[PlyCount "70"]
[EventDate "2010.01.23"]
[EventType "swiss"]
[EventRounds "6"]
[EventCountry "ITA"]
[SourceTitle "EXT 2024"]
[Source "ChessBase"]
[SourceDate "2023.10.10"]
[SourceVersion "1"]
[SourceVersionDate "2023.10.10"]
[SourceQuality "1"]

1. c4 e5 2. Nc3 Nc6 3. Nf3 g6 4. g3 Bg7 5. Bg2 Nge7 6. e4 0-0 7. 0-0 d6 8. h3 Kh8 9. d3 Rb8 10. Bg5 f6 11. Be3 Be6 12. Nd5 Qd7 13. Kh2 b6 14. Rb1 Nd8 15. Qd2 Ng8 16. b3 c6 17. Nc3 f5 18. d4 exd4 19. Bxd4 Nf6 20. exf5 Bxf5 21. Rbd1 Nf7 22. Nh4 Be6 23. Nf3 Rbd8 24. Be3 d5 25. cxd5 Nxd5 26. Nxd5 Bxd5 27. Qc2 Qb7 28. Ng5 Nxg5 29. Bxd5 Rxd5 30. Rxd5 Nf3+ 31. Kg2 cxd5 32. Bd4 Nxd4 33. Qd3 Nf3 34. Rc1 d4 35. Kf1 Ne5 0-1

[Event "Fermo Provinciale-ch FM"]
[Site "Porto San Giorgio"]
[Date "2010.01.23"]
[Round "1"]
[White "Miandro, Roberto"]
[Black "Balzano, Filli"]
[Result "1/2-1/2"]
[WhiteElo "2098"]
[BlackElo "1673"]
[PlyCount "119"]
[EventDate "2010.01.23"]
[EventType "swiss"]
[EventRounds "6"]
[EventCountry "ITA"]
[SourceTitle "EXT 2024"]
[Source "ChessBase"]
[SourceDate "2023.10.10"]
[SourceVersion "1"]
[SourceVersionDate "2023.10.10"]
[SourceQuality "1"]

1. c4 c6 2. Nf3 d5 3. b3 Bf5 4. Bb2 Nf6 5. g3 Nbd7 6. Bg2 e6 7. d3 Be7 8. Nbd2 0-0 9. 0-0 Rc8 10. h3 Bg6 11. Rc1 b5 12. cxb5 cxb5 13. Rxc8 Qxc8 14. Nd4 a6 15. Qb1 Qb7 16. Rc1 Rc8 17. N4f3 Rc7 18. Nf1 Qc8 19. Ne3 h6 20. Rxc7 Qxc7 21. Qc2 Qxc2 22. Nxc2 Bc5 23. Bc3 Ne8 24. Bb4 Bxb4 25. Nxb4 Nb8 26. Ne5 Nc7 27. Kf1 Kf8 28. Ke1 Ke7 29. Kd2 Kd6 30. f4 a5 31. Nc2 Nc6 32. Nf3 f6 33. g4 Bf7 34. Nfd4 Nxd4 35. Nxd4 Kc5 36. Nc2 g5 37. fxg5 fxg5 38. d4+ Kd6 39. b4 a4 40. e3 Be8 41. Ne1 Na6 42. Kc3 Ke7 43. Nd3 Kd6 44. Ne5 Nc7 45. Bf1 Ke7 46. Bd3 Kf6 47. e4 Na6 48. exd5 exd5 49. Bf5 Nb8 50. Bd3 Na6 51. Bf5 Nb8 52. Nd3 Bd7 53. Bxd7 Nxd7 54. Nc5 Ke7 55. Kd3 Kd6 56. Ke3 Nb6 57. Nb7+ Kc7 58. Nc5 Nc4+ 59. Kd3 Kd6 60. Nb7+ 1/2-1/2

[Event "Porto Sant Elpidio op-A 10th"]
[Site "Porto Sant Elpidio"]
[Date "2007.11.25"]
[Round "2"]
[White "Miandro, Roberto"]
[Black "Cerquitella, Luca"]
[Result "0-1"]
[WhiteElo "2090"]
[BlackElo "2238"]
[PlyCount "104"]
[EventDate "2007.11.24"]
[EventType "swiss"]
[EventRounds "6"]
[EventCountry "ITA"]
[SourceTitle "EXT 2010"]
[Source "ChessBase"]
[SourceDate "2010.11.25"]
[SourceVersion "1"]
[SourceVersionDate "2010.11.25"]
[SourceQuality "1"]

1. c4 Nc6 2. Nf3 e5 3. Nc3 g6 4. a3 Bg7 5. g3 a5 6. Bg2 d6 7. d3 Nh6 8. 0-0 0-0 9. Nd5 Be6 10. Ng5 Bd7 11. h3 a4 12. Ne4 f6 13. Rb1 Nd4 14. Nd2 f5 15. e3 Ne6 16. f4 g5 17. Kh2 gxf4 18. exf4 c6 19. Nc3 exf4 20. gxf4 Nd4 21. Ne2 Ng4+ 22. Kh1 Ne3 23. Qe1 Nxf1 24. Qxf1 Nxe2 25. Qxe2 Qf6 26. Nf3 c5 27. Bd2 Bc6 28. Bc3 Qh6 29. Bxg7 Kxg7 30. Ng5 Rae8 31. Qf2 Kh8 32. Bxc6 bxc6 33. Rg1 Qf6 34. Qf3 h6 35. Qh5 Re7 36. Nf3 Rg7 37. Re1 Qg6 38. Qxg6 Rxg6 39. Nh4 Rgf6 40. Re7 Rb8 41. Re2 Kg7 42. Kh2 Kf7 43. Kg3 Rb3 44. Rd2 d5 45. cxd5 cxd5 46. Kf2 Rfb6 47. Kf3 Kf6 48. Ke2 Rxb2 49. Nf3 Rxd2+ 50. Nxd2 Rb2 51. Kd1 Ra2 52. Nb1 d4 0-1

[Event "Porto Sant Elpidio op 7th"]
[Site "Porto Sant Elpidio"]
[Date "2004.11.14"]
[Round "3"]
[White "Fioravanti, Diego"]
[Black "Miandro, Roberto"]
[Result "1-0"]
[WhiteElo "2170"]
[BlackElo "2024"]
[PlyCount "107"]
[EventDate "2004.11.13"]
[EventType "swiss"]
[EventRounds "6"]
[EventCountry "ITA"]
[SourceTitle "EXT 2009"]
[Source "ChessBase"]
[SourceDate "2008.11.26"]
[SourceVersion "1"]
[SourceVersionDate "2008.11.26"]
[SourceQuality "1"]

1. e4 c5 2. Nf3 d6 3. d4 cxd4 4. Nxd4 Nf6 5. Nc3 a6 6. Bc4 e6 7. Bb3 Be7 8. 0-0 0-0 9. Be3 Qc7 10. f4 Nc6 11. Qf3 Bd7 12. Rad1 b5 13. a3 Na5 14. f5 Nc4 15. Bxc4 bxc4 16. Kh1 Rab8 17. Bc1 e5 18. Nde2 Bc6 19. Ng3 Qb7 20. Qe2 d5 21. exd5 Nxd5 22. Nxd5 Bxd5 23. f6 Bc5 24. fxg7 Rfe8 25. Nf5 Re6 26. Nh6+ Rxh6 27. Bxh6 Re8 28. Rf5 Re6 29. Be3 Bxe3 30. Qxe3 Bxg2+ 31. Kg1 Be4 32. Rg5 Qe7 33. Rg3 Bxc2 34. Rc1 Bg6 35. Rxc4 Kxg7 36. b4 Qd7 37. Rc1 Qd5 38. h4 h5 39. Kh2 Qa2+ 40. Rg2 Qd5 41. Rc5 Qd6 42. Qd2 Qb8 43. Qc3 Kh7 44. a4 Qd8 45. Rg5 Qd1 46. Rcxe5 Rd6 47. Rg2 Rd3 48. Qe1 Qf3 49. Qg3 Qd1 50. Qf2 Rf3 51. Qe2 Qb3 52. b5 Rh3+ 53. Kg1 Qb1+ 54. Qe1 1-0

[Event "Porto Sant Elpidio op 7th"]
[Site "Porto Sant Elpidio"]
[Date "2004.11.13"]
[Round "1"]
[White "Bruno, Fabio"]
[Black "Miandro, Roberto"]
[Result "1-0"]
[WhiteElo "2368"]
[BlackElo "2024"]
[PlyCount "75"]
[EventDate "2004.11.13"]
[EventType "swiss"]
[EventRounds "6"]
[EventCountry "ITA"]
[SourceTitle "EXT 2009"]
[Source "ChessBase"]
[SourceDate "2008.11.26"]
[SourceVersion "1"]
[SourceVersionDate "2008.11.26"]
[SourceQuality "1"]

1. d4 d5 2. Nf3 c5 3. e3 e6 4. b3 Nf6 5. Bd3 Nc6 6. 0-0 Be7 7. Bb2 0-0 8. c4 Nb4 9. Be2 b6 10. Nc3 Bb7 11. Ne5 Ne4 12. Nxe4 dxe4 13. dxc5 bxc5 14. a3 Nc6 15. Nd7 Re8 16. Qd2 Qc7 17. Rfd1 Bc8 18. Bg4 Rd8 19. Qc3 e5 20. Nxe5 Nxe5 21. Bxc8 Bf6 22. Rxd8+ Qxd8 23. Bb7 Nd3 24. Qc2 Nxb2 25. Bxa8 Qxa8 26. Rb1 Qd8 27. Qxe4 g6 28. Qc2 Qd6 29. g3 Qe5 30. b4 Kg7 31. bxc5 Qxc5 32. Rxb2 Qxa3 33. Rb7 Qa1+ 34. Kg2 a5 35. Qe4 Qa3 36. Qe8 Qf8 37. Qxf8+ Kxf8 38. Ra7 1-0

[Event "Porto Sant Elpidio op-A 6th"]
[Site "Porto Sant Elpidio"]
[Date "2003.11.22"]
[Round "4"]
[White "Miandro, Roberto"]
[Black "Rastelli, Michele"]
[Result "0-1"]
[WhiteElo "1936"]
[BlackElo "1837"]
[PlyCount "92"]
[EventDate "2003.11.15"]
[EventType "swiss"]
[EventRounds "6"]
[EventCountry "ITA"]
[SourceTitle "EXT 2024"]
[Source "ChessBase"]
[SourceDate "2023.10.10"]
[SourceVersion "1"]
[SourceVersionDate "2023.10.10"]
[SourceQuality "1"]

1. c4 e6 2. Nf3 d5 3. g3 Nd7 4. Bg2 c6 5. b3 Ngf6 6. Bb2 Bd6 7. d3 0-0 8. 0-0 Re8 9. Nbd2 Qe7 10. Qc2 Nf8 11. d4 c5 12. e3 b6 13. Rac1 Bb7 14. Qb1 Rac8 15. Rfe1 Red8 16. Rcd1 N8d7 17. Ne5 cxd4 18. exd4 Ba3 19. Ba1 Nxe5 20. dxe5 Ne8 21. cxd5 Bxd5 22. Ne4 Qb7 23. h3 Rd7 24. Ng5 h6 25. Qh7+ Kf8 26. Bxd5 Rxd5 27. Ne4 Rcd8 28. Nd6 Bxd6 29. exd6 f6 30. Rc1 R5xd6 31. Bb2 Kf7 32. Qc2 Rd2 33. Qc3 R8d3 34. Qxd3 Rxd3 35. Rc2 Qd5 36. Rce2 e5 37. Ba3 Nc7 38. Bc1 Ne6 39. Be3 Nd4 40. Bxd4 Qxd4 41. Re4 Qb2 42. R1e2 Rd2 43. Kf1 Qc2 44. Rxd2 Qxd2 45. Rc4 Qxa2 46. Rc7+ Kg6 0-1

[Event "Porto Sant Elpidio op-A 6th"]
[Site "Porto Sant Elpidio"]
[Date "2003.11.15"]
[Round "1"]
[White "Fioravanti, Emidio"]
[Black "Miandro, Roberto"]
[Result "0-1"]
[WhiteElo "1813"]
[BlackElo "1936"]
[PlyCount "160"]
[EventDate "2003.11.15"]
[EventType "swiss"]
[EventRounds "6"]
[EventCountry "ITA"]
[SourceTitle "EXT 2024"]
[Source "ChessBase"]
[SourceDate "2023.10.10"]
[SourceVersion "1"]
[SourceVersionDate "2023.10.10"]
[SourceQuality "1"]

1. e4 c5 2. Nf3 d6 3. d4 cxd4 4. Nxd4 Nf6 5. Nc3 a6 6. Bc4 b5 7. Bb3 Bb7 8. f3 Nbd7 9. Bf4 g6 10. Qd2 Bg7 11. Bh6 0-0 12. h4 Nc5 13. Bxg7 Kxg7 14. h5 Nxb3 15. axb3 Rh8 16. h6+ Kf8 17. g4 e6 18. 0-0-0 Ne8 19. g5 Ke7 20. b4 Rc8 21. Nb3 Qb6 22. Rhe1 Rf8 23. Na5 Ba8 24. e5 Bxf3 25. exd6+ Qxd6 26. Qxd6+ Nxd6 27. Rd3 Ba8 28. Nb3 Rfd8 29. Nc5 a5 30. Nd5+ Bxd5 31. Rxd5 axb4 32. Nb3 Kf8 33. Rd3 Nf5 34. Rf3 Ke7 35. Re5 Rd5 36. Re4 Rcd8 37. Re1 Nd4 38. Nxd4 Rxd4 39. Ref1 Rf8 40. Rf4 Rxf4 41. Rxf4 Rd8 42. Rxb4 Rd5 43. c4 Rxg5 44. cxb5 Kd7 45. b6 Kc8 46. Rc4+ Kb8 47. Rc7 Rf5 48. Re7 g5 49. Re8+ Kb7 50. Rh8 Rf6 51. Rxh7 Kxb6 52. Rh8 Kb7 53. h7 Rh6 54. Rg8 Rxh7 55. Rxg5 Rh2 56. Rg7 Rf2 57. Kd1 Kc6 58. Ke1 Rf4 59. Ke2 f5 60. Ke3 Rb4 61. Rg2 Kd5 62. Kd3 e5 63. Kc3 Rb6 64. Rd2+ Ke4 65. Re2+ Kf4 66. Rf2+ Kg4 67. Rg2+ Kf4 68. Rf2+ Kg4 69. b4 f4 70. Kc4 e4 71. Kc5 Rb8 72. b5 e3 73. Rg2+ Kf3 74. Rh2 e2 75. Rh1 Ke3 76. b6 f3 77. Kc6 f2 78. Rh3+ Kd2 79. Ra3 e1Q 80. Kc7 Qe5+ 0-1

[Event "Porto Sant Elpidio op-A 5th"]
[Site "Porto Sant Elpidio"]
[Date "2002.11.10"]
[Round "6"]
[White "Luciani, Valerio"]
[Black "Miandro, Roberto"]
[Result "1/2-1/2"]
[WhiteElo "2152"]
[BlackElo "1906"]
[PlyCount "65"]
[EventDate "2002.11.02"]
[EventType "swiss"]
[EventRounds "6"]
[EventCountry "ITA"]
[SourceTitle "EXT 2024"]
[Source "ChessBase"]
[SourceDate "2023.10.10"]
[SourceVersion "1"]
[SourceVersionDate "2023.10.10"]
[SourceQuality "1"]

1. d4 d5 2. c4 dxc4 3. Nf3 a6 4. a4 Nc6 5. e3 Na5 6. Ne5 Nf6 7. Nxc4 Nxc4 8. Bxc4 e6 9. Nc3 Be7 10. e4 c6 11. Be3 0-0 12. 0-0 Qa5 13. e5 Nd5 14. Ne4 Rd8 15. Qh5 Nxe3 16. fxe3 Rf8 17. Rf3 f5 18. Ng5 Bxg5 19. Qxg5 Qd8 20. Qxd8 Rxd8 21. Rxf5 Bd7 22. Raf1 Rf8 23. Rxf8+ Rxf8 24. Rxf8+ Kxf8 25. a5 Ke7 26. Kf2 Be8 27. Bd3 h6 28. Ke1 Kd7 29. b4 Kc7 30. Kd2 b5 31. axb6+ Kxb6 32. Kc3 Bf7 33. g4 1/2-1/2

[Event "Porto Sant Elpidio op-A 5th"]
[Site "Porto Sant Elpidio"]
[Date "2002.11.09"]
[Round "4"]
[White "Miandro, Roberto"]
[Black "Fioravanti, Emidio"]
[Result "1-0"]
[WhiteElo "1906"]
[BlackElo "1774"]
[PlyCount "121"]
[EventDate "2002.11.02"]
[EventType "swiss"]
[EventRounds "6"]
[EventCountry "ITA"]
[SourceTitle "EXT 2024"]
[Source "ChessBase"]
[SourceDate "2023.10.10"]
[SourceVersion "1"]
[SourceVersionDate "2023.10.10"]
[SourceQuality "1"]

1. c4 Nf6 2. Nf3 d5 3. b3 e6 4. Bb2 Be7 5. g3 c6 6. Bg2 Nbd7 7. d3 a6 8. Nbd2 h6 9. Qc2 0-0 10. 0-0 Nh7 11. e4 Bf6 12. e5 Be7 13. cxd5 cxd5 14. Rac1 Ng5 15. h4 Nxf3+ 16. Nxf3 Nb8 17. Nd4 Bd7 18. Qc7 Bc6 19. Qxd8 Rxd8 20. Rc2 Bb5 21. Rc7 Rd7 22. Nxb5 axb5 23. Rc8+ Rd8 24. Rxd8+ Bxd8 25. a3 Nc6 26. d4 Na5 27. Rc1 Nxb3 28. Rc2 Na5 29. Rc5 Nc4 30. Rxb5 b6 31. Bf1 Nxb2 32. Rxb2 Rxa3 33. Rc2 Ra8 34. Bb5 Kf8 35. Kg2 Ra5 36. Bc6 Ra3 37. Bb5 Rb3 38. Ba6 Rb4 39. Rc8 Ke7 40. Rb8 Kd7 41. Kf3 Rxd4 42. Bb5+ Kc7 43. Ra8 f6 44. Ra7+ Kb8 45. Rxg7 fxe5 46. Rg8 Kc7 47. Rg7+ Kd6 48. Rd7+ Kc5 49. Rxd8 Kxb5 50. g4 Rf4+ 51. Kg3 Kc5 52. Rc8+ Kd6 53. Rh8 Rf6 54. Rb8 Kc7 55. Ra8 d4 56. Ra3 e4 57. g5 hxg5 58. hxg5 Rg6 59. Kf4 Kd6 60. Kxe4 Kc5 61. f4 1-0

[Event "Porto Sant Elpidio op-A 2nd"]
[Site "Porto Sant Elpidio"]
[Date "1999.10.24"]
[Round "6"]
[White "Rotoni, Matteo"]
[Black "Miandro, Roberto"]
[Result "0-1"]
[WhiteElo "1732"]
[BlackElo "1810"]
[PlyCount "98"]
[EventDate "1999.10.16"]
[EventType "swiss"]
[EventRounds "6"]
[EventCountry "ITA"]
[SourceTitle "EXT 2024"]
[Source "ChessBase"]
[SourceDate "2023.10.10"]
[SourceVersion "1"]
[SourceVersionDate "2023.10.10"]
[SourceQuality "1"]

1. e4 c5 2. d4 cxd4 3. c3 Nf6 4. e5 Nd5 5. Nf3 Nc6 6. cxd4 d6 7. Bc4 e6 8. 0-0 Nb6 9. Bb5 Bd7 10. Nc3 a6 11. Bd3 Be7 12. Qe2 Nb4 13. Bb1 N4d5 14. Rd1 Nxc3 15. bxc3 d5 16. Nd2 Rc8 17. Bb2 Na4 18. Nb3 Nxc3 19. Bxc3 Rxc3 20. Qg4 g6 21. Nd2 Ba3 22. Nf3 Bb2 23. Bxg6 hxg6 24. Rab1 Ba3 25. Rxb7 Rc1 26. Rxc1 Bxc1 27. h4 Bb5 28. g3 Qc8 29. Rb6 Bd7 30. Nh2 Ba3 31. Qf3 Be7 32. Ng4 Bb5 33. Rd6 Bxd6 34. exd6 Qd8 35. Ne5 0-0 36. h5 Qg5 37. Qc3 Qxh5 38. d7 Qh3 39. Qc5 Qf1+ 40. Kh2 Qxf2+ 41. Kh1 Bf1 42. Qxf8+ Kxf8 43. Nxg6+ fxg6 44. d8Q+ Kg7 45. Qc7+ Kh6 46. Qc1+ Kh5 47. g4+ Kxg4 48. Qd1+ Be2 49. Qc1 Bf3# 0-1

[Event "Porto Sant Elpidio op-A 2nd"]
[Site "Porto Sant Elpidio"]
[Date "1999.10.16"]
[Round "1"]
[White "Miandro, Roberto"]
[Black "Iaconi, Andrea"]
[Result "1-0"]
[WhiteElo "1810"]
[BlackElo "1542"]
[PlyCount "77"]
[EventDate "1999.10.16"]
[EventType "swiss"]
[EventRounds "6"]
[EventCountry "ITA"]
[SourceTitle "EXT 2024"]
[Source "ChessBase"]
[SourceDate "2023.10.10"]
[SourceVersion "1"]
[SourceVersionDate "2023.10.10"]
[SourceQuality "1"]

1. c4 c5 2. Nf3 Nf6 3. Nc3 e6 4. d4 cxd4 5. Nxd4 a6 6. g3 Be7 7. Bg2 Nc6 8. 0-0 0-0 9. e4 Qc7 10. b3 d6 11. Bb2 Bd7 12. Nc2 Rfd8 13. Ne3 Ne5 14. Rc1 Bc6 15. Ncd5 Bxd5 16. cxd5 Qa5 17. f4 Ned7 18. Nc4 Qb5 19. Re1 Nc5 20. Re3 Rac8 21. a4 Qe8 22. Nb6 Rb8 23. b4 Ncd7 24. Nc4 Rdc8 25. dxe6 fxe6 26. Nxd6 Rxc1 27. Bxc1 Qf8 28. e5 Bxd6 29. exd6 Qc8 30. Rxe6 Qc4 31. Re7 Qxb4 32. g4 Nb6 33. g5 Nfd7 34. a5 Qxa5 35. Qb3+ Kh8 36. Qf7 Rg8 37. Bb2 Qc5+ 38. Kh1 Nf6 39. gxf6 1-0

[Event "Porto Sant Elpidio op-A 1st"]
[Site "Porto Sant Elpidio"]
[Date "1998.10.??"]
[Round "?"]
[White "Miandro, Roberto"]
[Black "Giobbi, Costantino"]
[Result "1-0"]
[WhiteElo "1783"]
[BlackElo "1776"]
[PlyCount "115"]
[EventDate "1998.10.??"]
[EventType "swiss"]
[EventRounds "6"]
[EventCountry "ITA"]
[SourceTitle "EXT 2024"]
[Source "ChessBase"]
[SourceDate "2023.10.10"]
[SourceVersion "1"]
[SourceVersionDate "2023.10.10"]
[SourceQuality "1"]

1. c4 c5 2. Nf3 Nc6 3. d4 cxd4 4. Nxd4 Nf6 5. g3 g6 6. Bg2 Bg7 7. 0-0 0-0 8. Nc3 Nxd4 9. Qxd4 d6 10. e4 Bd7 11. h3 Bc6 12. Qd3 a6 13. Rb1 Rb8 14. b3 b5 15. cxb5 Bxb5 16. Nxb5 axb5 17. b4 Nd7 18. Bb2 Bxb2 19. Rxb2 Ne5 20. Qe2 Qd7 21. Rc2 Rfc8 22. Rfc1 Rc4 23. Rxc4 Nxc4 24. a4 Ne5 25. a5 Nc4 26. Qd3 Qe6 27. Qd4 Qd7 28. Bf1 Ne5 29. Kg2 Qb7 30. Qd5 Qxd5 31. exd5 Rb7 32. f4 Nd7 33. Rc6 Nf6 34. a6 Ra7 35. Rc8+ Kg7 36. Bxb5 Nxd5 37. Rb8 Nxb4 38. Rb7 Ra8 39. a7 Kf6 40. Bd7 Na6 41. Bc6 Nb4 42. Bf3 e6 43. Rxf7+ Kxf7 44. Bxa8 Na6 45. Bb7 Nc7 46. a8Q Nxa8 47. Bxa8 Kf6 48. Kf3 g5 49. fxg5+ Kxg5 50. h4+ Kg6 51. Be4+ Kg7 52. Kf4 Kh6 53. g4 Kg7 54. g5 h6 55. Kg4 d5 56. Bc2 e5 57. Kf5 e4 58. g6 1-0